<?xml version="1.0" encoding="UTF-8"?><?xml-stylesheet type="text/xsl" href="static/style.xsl"?><OAI-PMH xmlns="http://www.openarchives.org/OAI/2.0/" xmlns:xsi="http://www.w3.org/2001/XMLSchema-instance" xsi:schemaLocation="http://www.openarchives.org/OAI/2.0/ http://www.openarchives.org/OAI/2.0/OAI-PMH.xsd"><responseDate>2026-04-14T08:19:58Z</responseDate><request verb="GetRecord" identifier="oai:www.recercat.cat:2117/379517" metadataPrefix="marc">https://recercat.cat/oai/request</request><GetRecord><record><header><identifier>oai:recercat.cat:2117/379517</identifier><datestamp>2026-01-27T03:17:31Z</datestamp><setSpec>com_2072_1033</setSpec><setSpec>col_2072_452950</setSpec></header><metadata><record xmlns="http://www.loc.gov/MARC21/slim" xmlns:dcterms="http://purl.org/dc/terms/" xmlns:xsi="http://www.w3.org/2001/XMLSchema-instance" xmlns:doc="http://www.lyncode.com/xoai" xsi:schemaLocation="http://www.loc.gov/MARC21/slim http://www.loc.gov/standards/marcxml/schema/MARC21slim.xsd">
   <leader>00925njm 22002777a 4500</leader>
   <datafield ind2=" " ind1=" " tag="042">
      <subfield code="a">dc</subfield>
   </datafield>
   <datafield ind2=" " ind1=" " tag="720">
      <subfield code="a">Hermassi, Mehrez</subfield>
      <subfield code="e">author</subfield>
   </datafield>
   <datafield ind2=" " ind1=" " tag="720">
      <subfield code="a">Granados Juan, Mercè</subfield>
      <subfield code="e">author</subfield>
   </datafield>
   <datafield ind2=" " ind1=" " tag="720">
      <subfield code="a">Ayora Ibañez, Carlos</subfield>
      <subfield code="e">author</subfield>
   </datafield>
   <datafield ind2=" " ind1=" " tag="720">
      <subfield code="a">Skoglund, Nils</subfield>
      <subfield code="e">author</subfield>
   </datafield>
   <datafield ind2=" " ind1=" " tag="720">
      <subfield code="a">Cortina Pallás, José Luis</subfield>
      <subfield code="e">author</subfield>
   </datafield>
   <datafield ind2=" " ind1=" " tag="720">
      <subfield code="a">Valderrama Ángel, César Alberto</subfield>
      <subfield code="e">author</subfield>
   </datafield>
   <datafield ind2=" " ind1=" " tag="260">
      <subfield code="c">2022-12</subfield>
   </datafield>
   <datafield ind2=" " ind1=" " tag="520">
      <subfield code="a">Ion-exchange (IX) resins incorporating single functional groups (sulfonic or amino-phosphonic) and two functional groups (sulfonic and phosphonic) were evaluated for selective recovery of Rare Earth Elements (REEs) from acidic mine waters (AMW). The composition of AMW solution, complexing properties of the functional group, and acidity were investigated as key parameters for concentration and separation of REEs from transition elements (TEs). Fe has to be removed from AMW to enable REE recovery and here the AMW was treated with NaOH solutions to reach pH 3.9 where Fe(III) was selectively removed (=99%) by precipitation of schwertmannite. Single functional IX resin containing a sulfonic group displayed a higher REE recovery efficiency and separation ratio than observed for the bi-functional resin (sulfonic/phosphonic). Concentration factors for REEs between 30 and 40 were achieved using regeneration cycles with H2SO4. The performance of the aminophosphonic resin showed lower separation factors for REEs from TEs than the two resins containing sulfonic groups. IX resins performance was improved by tuning the acidity to match the functional group reactivity, where pH adjustment to the range of 0.5–2.0 provided the highest REE/TE separation factor for the single sulfonic resin followed by the bifunctional resin. The integration of an elution cycle using Na2-EDTA/NH4Cl mixtures strongly increases the concentration factors of REE and Light REE (LREE) concentration factors of up to 260 were achieved for the single functional sulfonic resin.</subfield>
   </datafield>
   <datafield ind2=" " ind1=" " tag="520">
      <subfield code="a">Peer Reviewed</subfield>
   </datafield>
   <datafield ind2=" " ind1=" " tag="520">
      <subfield code="a">Postprint (published version)</subfield>
   </datafield>
   <datafield tag="653" ind2=" " ind1=" ">
      <subfield code="a">Àrees temàtiques de la UPC::Enginyeria química</subfield>
   </datafield>
   <datafield tag="653" ind2=" " ind1=" ">
      <subfield code="a">Ion exchange resins</subfield>
   </datafield>
   <datafield tag="653" ind2=" " ind1=" ">
      <subfield code="a">LREE</subfield>
   </datafield>
   <datafield tag="653" ind2=" " ind1=" ">
      <subfield code="a">HREE</subfield>
   </datafield>
   <datafield tag="653" ind2=" " ind1=" ">
      <subfield code="a">Sulfonic</subfield>
   </datafield>
   <datafield tag="653" ind2=" " ind1=" ">
      <subfield code="a">Aminophosphonic</subfield>
   </datafield>
   <datafield tag="653" ind2=" " ind1=" ">
      <subfield code="a">Phosphonic</subfield>
   </datafield>
   <datafield tag="653" ind2=" " ind1=" ">
      <subfield code="a">Resin operation</subfield>
   </datafield>
   <datafield tag="653" ind2=" " ind1=" ">
      <subfield code="a">Resines de bescanvi iònic</subfield>
   </datafield>
   <datafield ind2="0" ind1="0" tag="245">
      <subfield code="a">Impact of functional group types in ion exchange resins on rare earth element recovery from treated acid mine waters</subfield>
   </datafield>
</record></metadata></record></GetRecord></OAI-PMH>